000 00369 a2200157 4500
003 Nust
005 20170207153528.0
040 _cNust
082 _a891.439
100 _aShakir, Parveen,
245 _aKhushboo
_b Parveen Shakir Sahib
260 _aIslamabad
_bMurad Publisher
_c1994
300 _a357 p
_billus
_c18 cm
600 _aShakir, Parveen,
650 _aUrdu Poetry
942 _2ddc
_cBK
999 _c187849
_d187849